000 00497nam a22001817a 4500
999 _c124657
_d124657
005 20211119115317.0
008 211112b ||||| |||| 00| 0 eng d
020 _a9781496388421
040 _cPK-LaUMT
082 _a612
_bHAR-L
100 _aHarell, Kelly M.
245 _aLippincott illustrated reviews :
_banatomy :
_cby Kelly M. Harrell and Ronad Dudek
260 _aPhiladephia :
_bWolters Kluwer,
_c2019
300 _a456 p.
650 _aAnatomy
650 _aPhysiology
942 _cBK